Think big : a think collection

Bibliographic Details
Main Author: Anthony, Robert
Format: Book
Published: New York : Berkley Books , 1999
Subjects:

MARC

LEADER 00000cam a2200000 7i4500
001 0000069863
005 20091019.0
020 |a 0425168662 
090 0 0 |a 082   |b ANT 
100 1 |a Anthony, Robert 
245 1 0 |a Think big :   |b a think collection   |c Dr. Robert Anthony 
260 |a New York :   |b Berkley Books ,   |c 1999 
300 |a p.v. ;   |c 15cm. 
650 0 0 |a Self-actualization (Psychology)   |x Quotations, maxims, etc. 
650 0 0 |a Success   |x Quotations, maxims, etc 
999 |a 00153481   |b BUKU   |c PINJAMAN   |e PERPUSTAKAAN KOMUNITI PETALING JAYA